00769cam a22002411 4500001001300000003000400013005001700017008004100034010001700075035002000092040001700112042001200129050002100141100002800162245012000190260005500310300002800365500004200393630002600435650002000461752002900481999001700510he 67002039 DLC20260227111451.0830630s1942 hu 000 0 heb  ahe 67002039  a(OCoLC)19147344 aDLCcMHdDLC apremarc00aBM740b.D48 19421 aDeutsch, Moses,d-1931.00aDerushe ṿe-ḥidushe ha-Rambad :bderushim ... ʻal parashiyot ha-Torah ... ḥidushe halakhot be-sugyot ha-Shas. aSalgótarján :bDeutsch J.,c703 [1942 or 1943] a68, 52 leaves ;c28 cm. a"Nidpas bi-defus Yaʻaḳov Ṿider."00aTalmudxCommentaries. 0aJewish sermons. aHungarydSalgótarján c32712d32712